| Поле | Название | Значение |
| |
Тип записи |
i |
| |
Библиографический уровень |
m |
| 001 |
Контрольный номер |
b5e956fd8312421a94a2992ed027d5f0 |
| 005 |
Дата корректировки |
20260513161606.8 |
| 010 |
Индекс ISBN |
__ |
| d |
Цена |
216-30 |
| 100 |
Данные общей обработки |
__ |
| a |
Данные общей обработки |
19180726p20171963||| 0rusy0189 ca |
| 101 |
Язык документа |
0_ |
| a |
Язык текста |
rus |
| 102 |
Страна публикации |
__ |
| a |
Страна публикации |
ru |
| 105 |
Кодированные данные (монография) |
__ |
| a |
Кодированные данные (монография) |
nn|||||||f|zy |
| 127 |
Кодированные данные (звукозаписи-физические характеристики) |
__ |
| a |
Продолжительность проигрывания |
010533 |
| 200 |
Заглавие и сведения об ответственности |
1_ |
| a |
Заглавие |
Семь крестиков в записной книжке инспектора Лекера |
| e |
Сведения, относящиеся к заглавию |
[радиопостановка] |
| f |
Первые сведения об ответственности |
Ж. Сименон ; [инсценировка: Мария Краковская ; режиссер Надежда Киселева ; композитор Эмиль Олах ; действующие лица и исполнители: Ю. Яковлев (от автора) и др.] |
| b |
Общее обозначение материала |
Звукозапись |
| 210 |
Выходные данные |
1_ |
| a |
Место издания |
Москва |
| c |
Издательство |
Агентство |
| c |
Издательство |
ИДДК |
| d |
Дата издания |
[2017] |
| 215 |
Физическое описание |
__ |
| a |
Объем |
1 электрон. опт. диск (Audio CD) |
| c |
Иллюстрации/тип воспроизводства |
mp3, 192 kBit/sec, 44,1 kHz, stereo |
| d |
Формат |
12х14 см |
| 225 |
Серия |
2_ |
| a |
Серия |
Audiobook |
| 230 |
Специфическая характеристика материала: электронные ресурсы |
__ |
| a |
Обозначение и объем ресурса |
Электронные звуковые данные |
| 300 |
Общие примечания |
__ |
| a |
Общие примечания |
Заглавие с этикетки диска |
| 300 |
Общие примечания |
__ |
| a |
Общие примечания |
Запись 1963 г. |
| 323 |
Примечание о главных создателях, исполнителях, участниках |
__ |
| a |
Примечание о главных создателях, исполнителях, участниках |
Яковлев, Ю. |
| 323 |
Примечание о главных создателях, исполнителях, участниках |
__ |
| a |
Примечание о главных создателях, исполнителях, участниках |
Весник, Е. |
| 323 |
Примечание о главных создателях, исполнителях, участниках |
__ |
| a |
Примечание о главных создателях, исполнителях, участниках |
Никулин, В. |
| 323 |
Примечание о главных создателях, исполнителях, участниках |
__ |
| a |
Примечание о главных создателях, исполнителях, участниках |
Плятт, Р. |
| 323 |
Примечание о главных создателях, исполнителях, участниках |
__ |
| a |
Примечание о главных создателях, исполнителях, участниках |
Сперантова, В. |
| 323 |
Примечание о главных создателях, исполнителях, участниках |
__ |
| a |
Примечание о главных создателях, исполнителях, участниках |
Маневич, М. |
| 323 |
Примечание о главных создателях, исполнителях, участниках |
__ |
| a |
Примечание о главных создателях, исполнителях, участниках |
Каневский, Л. |
| 323 |
Примечание о главных создателях, исполнителях, участниках |
__ |
| a |
Примечание о главных создателях, исполнителях, участниках |
Аросева, О. |
| 330 |
Аннотация |
__ |
| a |
Аннотация |
Произошло убийство. Убита старуха-процентщица Файе. Подозрение падает на безработного Оливье Лекера, бывшего зятя покойной, который взял у нее деньги в долг, чтобы купить подарок сыну на Рождество. Родной брат Оливье, инспектор полиции Андрэ Лекер, ведет расследование. |
| 333 |
Примечание о целевом назначении |
__ |
| a |
Примечание о целевом назначении |
12+. Для детей старше 12 лет |
| 337 |
Примечание о системных требованиях (электронные ресурсы) |
__ |
| a |
Примечание о системных требованиях (электронные ресурсы) |
Системные требования: Pentium 100 ; 16 Mb RAM ; MS Windows 98/ME/XP/2000 ; монитор SVGA, 800х600 ; звуковая карта, колонки или наушники ; CD-ROM, музыкальный центр, CD/DVD-плеер |
| 606 |
Тематические рубрики |
__ |
| a |
Основная рубрика |
Музыка и зрелищные искусства |
| 606 |
Тематические рубрики |
__ |
| a |
Основная рубрика |
Художественное радиовещание |
| 606 |
Тематические рубрики |
__ |
| a |
Основная рубрика |
Художественная литература |
| 606 |
Тематические рубрики |
__ |
| a |
Основная рубрика |
Литература Европы (произведения) |
| y |
Географическая подрубрика |
Франция |
| 610 |
Ключевые слова |
0_ |
| a |
Ключевые слова |
детективные романы |
| a |
Ключевые слова |
детективы |
| a |
Ключевые слова |
зарубежная литература |
| a |
Ключевые слова |
иностранная литература |
| a |
Ключевые слова |
литературные герои |
| a |
Ключевые слова |
литературные персонажи |
| a |
Ключевые слова |
Мегрэ |
| a |
Ключевые слова |
радиопостановки |
| a |
Ключевые слова |
радиоспектакли |
| a |
Ключевые слова |
французская литература |
| 686 |
Индексы других классификаций |
__ |
| 2 |
Код системы |
rubbks |
| a |
Классификационный индекс |
85.381.3(2)-7я04 |
| 686 |
Индексы других классификаций |
__ |
| 2 |
Код системы |
rubbks |
| a |
Классификационный индекс |
84(4Фра)6-445я04 |
| 700 |
Автор |
_1 |
| a |
Фамилия |
Сименон |
| b |
Имя |
Ж. |
| f |
Даты |
1903-1989 |
| g |
Полное личное имя |
Жорж |
| 4 |
Код отношения |
070 |
| 702 |
Вторичная интеллектуальная ответственность |
_1 |
| a |
Фамилия |
Краковская |
| b |
Имя |
М. |
| 4 |
Код отношения |
Сценарист |
| 4 |
Код отношения |
690 |
| 702 |
Вторичная интеллектуальная ответственность |
_1 |
| a |
Фамилия |
Киселева |
| b |
Имя |
Н. И. |
| 4 |
Код отношения |
Режиссер |
| 4 |
Код отношения |
070 |
| g |
Полное личное имя |
Надежда Ивановна |
| 702 |
Вторичная интеллектуальная ответственность |
_1 |
| a |
Фамилия |
Олах |
| b |
Имя |
Э. |
| 4 |
Код отношения |
Композитор |
| 4 |
Код отношения |
230 |
| 801 |
Источник записи |
_0 |
| a |
Страна |
ru |
| b |
Организация |
Муниципальное бюджетное учреждение культуры "Централизованная библиотечная система" г. Сургут (Центральная городская библиотека им. А. С. Пушкина) |
| c |
Дата составления |
20180726 |
| g |
Правила каталогизации |
rpk |
| 801 |
Источник записи |
_1 |
| a |
Страна |
ru |
| b |
Организация |
Муниципальное бюджетное учреждение культуры "Централизованная библиотечная система" г. Сургут (Центральная городская библиотека им. А. С. Пушкина) |
| c |
Дата составления |
20180726 |
| g |
Правила каталогизации |
rpk |
| 852 |
Данные о местонахождении |
__ |
| j |
Шифр хранения |
85.381.3(2)-7я04 |
| i |
Авторский знак |
С 37 |
| 901 |
Тип документа |
__ |
| t |
Тип документа |
0 |
| a |
Ответственный |
КиК/Котельникова |
| 903 |
Характеристики (МАРС) |
__ |
| a |
Дата передачи |
20180726 |
| 969 |
Тип издания |
__ |
| a |
Тип издания |
аудиоспектакль; издание для слепых; аудиокнига |
| 990 |
Данные о заказе (DOS) |
__ |
| j |
Количество экземпляров (DOS) |
2 |
| t |
N записи в КСУ для И/У (DOS) |
201808 |